Industrial and Labour Laws (Record no. 87123)

MARC details
000 -LEADER
fixed length control field 00481nam a2200193Ia 4500
008 - FIXED-LENGTH DATA ELEMENTS--GENERAL INFORMATION
fixed length control field 230125s9999 xx 000 0 und d
041 ## - LANGUAGE CODE
Language code of text/sound track or separate title eng
082 ## - DEWEY DECIMAL CLASSIFICATION NUMBER
Classification number 344.01
Item number JAI
100 ## - MAIN ENTRY--PERSONAL NAME
Personal name Jain S P
9 (RLIN) 107129
245 ## - TITLE STATEMENT
Title Industrial and Labour Laws
250 ## - EDITION STATEMENT
Edition statement 15th Ed.
260 ## - PUBLICATION, DISTRIBUTION, ETC. (IMPRINT)
Date of publication, distribution, etc. 2011
Name of publisher, distributor, etc. Dhanpat Rai and sons
Place of publication, distribution, etc. New Delhi
300 ## - PHYSICAL DESCRIPTION
Extent 300p
500 ## - GENERAL NOTE
Keywords Industrial and Labour Laws
650 ## - SUBJECT ADDED ENTRY--TOPICAL TERM
Topical term or geographic name as entry element Law
700 ## - ADDED ENTRY--PERSONAL NAME
Personal name Jain S P
9 (RLIN) 107129
906 ## - LOCAL DATA ELEMENT F, LDF (RLIN)
b 20
Holdings
Withdrawn status Lost status Damaged status Not for loan Home library Current library Date acquired Vendor Cost, normal purchase price Bill number Total Checkouts Full call number Barcode Date last seen Cost, replacement price Bill Date Koha item type Original Barcode
        Smt. Hiraben Nanavati Institute of Management & Research for Women Smt. Hiraben Nanavati Institute of Management & Research for Women 09/02/2009 Pritam Book Centre 200.00 6105   344.01 JAI B07241 HIMR-BK-7241 25/01/2023 180.00 09/02/2009 Books B07241